| 000 | 01395nam a2200289 i 4500 | ||
|---|---|---|---|
| 001 | 164850 | ||
| 003 | ES-MaACL | ||
| 005 | 20250723061851.0 | ||
| 008 | 950206m18781879sp |||| | spa d | ||
| 080 | _a34(37) | ||
| 080 | _a34(37):34(100) | ||
| 100 | 1 |
_aSavigny, Friedrich Carl von, _d1779-1861 _eaut _9104070 |
|
| 245 | 1 | 0 |
_aSistema del derecho romano actual / _cpor M.F.C. de Savigny ; traducido del alemán por M.Ch. Guenoux ; vertido al castellano por Jacinto Mesía y Manuel Poley ; y precedido de un prólogo de Manuel Durán y Bas |
| 260 |
_aMadrid : _bF. Góngora y Compañía, _c1878-1879 _f(Imp. de José García) |
||
| 300 |
_a6 volúmenes ; _c22 cm. |
||
| 490 | 1 |
_aBiblioteca universal. Sección jurídica ; _v4-9 |
|
| 530 | _aDisponible en formato digital | ||
| 650 | 7 |
_aDerecho romano _2embne _911764 |
|
| 650 | 4 |
_aDerecho romano- _xInfluencia. _9159325 |
|
| 700 | 1 |
_aDurán y Bas, Manuel, _d1823-1907 _946240 _eaui |
|
| 830 | 0 |
_aBiblioteca universal. Sección jurídica ; _v4-9 _9222372 |
|
| 852 |
_aES-MaACL _cSVI _gFirma autógrafa de Antonio Aura Boronat _hDonativo de Antonio Aura Boronat _jD-4951-56 _xHolandesa conservando cub. original |
||
| 856 |
_uhttps://bdh-rd.bne.es/viewer.vm?id=0000288338&page=1 _yVersión en línea _z(Biblioteca Digital Hispánica) |
||
| 942 |
_2udc _cMONANT _n0 |
||
| 999 |
_c164850 _d164850 |
||